Höchste und niedrigste Frauenarztdichten in Deutschland - Statistiken

Allgemein
  • Dieses Quiz wurde 15 mal gespielt
  • Das Durchschnittsergebnis liegt bei 8 aus 40
Antwortstatistiken
Arztdichte pro 100.000 Einwohner Landkreis/kreisfreie Stadt % Korrekt
41,74 Stadt München
93%
36,19 Stadt Düsseldorf
64%
34,37 Stadt Münster
50%
44,61 Stadt Ulm
50%
35,56 Stadt Oldenburg
43%
37,87 Stadt Würzburg
43%
39,34 Stadt Bonn
36%
43,23 Stadt Heidelberg
36%
39,54 Stadt Regensburg
36%
43,40 Stadt Trier
36%
35,33 Stadt Wiesbaden
36%
37,35 Stadt Kassel
29%
34,65 Stadt Koblenz
29%
15,79 Kreis Cuxhaven
21%
38,62 Stadt Cottbus
21%
42,03 Stadt Darmstadt
21%
36,98 Stadt Erlangen
21%
34,80 Stadt Ingolstadt
21%
34,69 Stadt Mönchengladbach
21%
36,85 Stadt Salzgitter
21%
35,33 Stadt Pforzheim
14%
12,66 Kreis Bad Dürkheim
7%
13,32 Kreis Freudenstadt
7%
15,80 Kreis Kelheim
7%
14,20 Kreis Kronach
7%
15,81 Kreis Kulmbach
7%
15,66 Kreis Main-Spessart-Kreis
7%
15,61 Kreis Neumarkt in der Oberpfalz
7%
14,30 Kreis Odenwaldkreis
7%
15,43 Kreis Saalfeld-Rudolstadt
7%
15,29 Kreis Schwalm-Eder-Kreis
7%
15,94 Kreis Tirschenreuth
7%
15,55 Kreis Wesermarsch
7%
12,66 Stadt Neustadt an der Weinstraße
7%
15,81 Kreis Alb-Donau-Kreis
0%
15,62 Kreis Altenkirchen
0%
15,19 Kreis Cloppenburg
0%
15,91 Kreis Cochem-Zell
0%
14,63 Kreis Rhön-Grabfeld
0%
15,80 Kreis Schwäbisch Hall
0%
Keine übereinstimmenden Quizze gefunden
Verteilung der Resultate
Anzahl Personen mit jedem Resultat
Perzentil nach korrekt beantworteten Fragen
Ihre Resultats-Entwicklung
Sie haben dieses Quiz noch nicht gespielt